00373nam a22000977a 4500100005700000245010700057260002700164300000900191700004200200856003300242 aGulzar Ahmed DastiaSupervisor - Dr Noor Ahmed Memon aAnalysis of Technical and Non- Technical Losses of Operation Circle HESCO Nawabshah Remedial Measures  aNawabshahbQUESTc2012 a96p. aDepartment of Electrical Engineering  uhttps://tinyurl.com/bdd9f7zz